000 00292nam a2200109Ia 4500
008 180205s9999 xx 000 0 und d
020 _a9781138931732
100 _aSclater, Niall
245 _aLearning analytics explained /
260 _aNew york :
_bRoutledge
_c2017
300 _aix, 278 pages
999 _c354903
_d354903